Biggest European Cities Further West than the Prime Meridian - Statistics

General Stats
  • This quiz has been taken 90 times
  • The average score is 22 of 35
Answer Stats
Population °W City % Correct
553,165 6°16' Dublin
96%
3,165,541 3°42' Madrid
96%
552,700 9°10' Lisbon
95%
8,754,710 0°08' London
92%
537,820 2°14' Manchester
91%
603,080 4°16' Glasgow
88%
1,126,927 1°54' Birmingham
87%
480,250 3°11' Edinburgh
87%
565,151 2°59' Liverpool
86%
690,566 6°00' Seville
82%
333,740 5°56' Belfast
78%
493,623 1°33' Leeds
78%
560,982 2°35' Bristol
76%
345,810 3°11' Cardiff
76%
569,009 4°25' Málaga
71%
790,201 0°22' Valencia
71%
266,391 1°24' Southampton
67%
345,122 2°55' Bilbao
65%
535,782 1°28' Sheffield
63%
279,534 1°36' Newcastle upon Tyne
59%
661,108 0°54' Zaragoza
49%
298,029 1°33' Nantes
47%
302,029 1°08' Nottingham
47%
326,609 4°47' Córdoba
46%
292,817 8°43' Vigo
42%
330,525 0°29' Alicante
41%
458,175 1°08' Leicester
40%
355,026 1°31' Coventry
38%
441,003 1°08' Murcia
38%
286,989 0°20' Kingston upon Hull
37%
273,219 2°11' Stoke-on-Trent
36%
301,876 4°43' Valladolid
36%
260,955 1°29' Derby
33%
357,385 1°45' Bradford
31%
273,422 5°40' Gijón
31%
No matching quizzes found
Score Distribution
Percent of People with Each Score
Percentile by Number Answered
Your Score History
You have not taken this quiz